Remote sensing for natural resource management and environmental monitoring (Record no. 5353)

MARC details
000 -LEADER
fixed length control field 00762nam a22002417a 4500
003 - CONTROL NUMBER IDENTIFIER
control field OSt
005 - DATE AND TIME OF LATEST TRANSACTION
control field 20220107122820.0
008 - FIXED-LENGTH DATA ELEMENTS--GENERAL INFORMATION
fixed length control field 160722b xxu||||| |||| 00| 0 eng d
020 ## - INTERNATIONAL STANDARD BOOK NUMBER
International Standard Book Number 9780471317937
040 ## - CATALOGING SOURCE
Transcribing agency IIITMK
082 ## - DEWEY DECIMAL CLASSIFICATION NUMBER
Classification number 621.3678 UST/R
100 ## - MAIN ENTRY--PERSONAL NAME
Personal name Ustin, Susan L. (Ed.)
9 (RLIN) 10455
245 ## - TITLE STATEMENT
Title Remote sensing for natural resource management and environmental monitoring
Statement of responsibility, etc. Susan L Ustin (Ed.)
260 ## - PUBLICATION, DISTRIBUTION, ETC.
Place of publication, distribution, etc. New Jersey,
Name of publisher, distributor, etc. John Wiley and Sons,
Date of publication, distribution, etc. 2004.
300 ## - PHYSICAL DESCRIPTION
Extent xxxii, 736p.
Other physical details CD ROM
440 ## - SERIES STATEMENT/ADDED ENTRY--TITLE
Title Manual of remote sensing, vol. 4
9 (RLIN) 10456
650 ## - SUBJECT ADDED ENTRY--TOPICAL TERM
Topical term or geographic name entry element APPLIED PHYSICS
9 (RLIN) 10457
650 ## - SUBJECT ADDED ENTRY--TOPICAL TERM
Topical term or geographic name entry element REMOTE SENSING
9 (RLIN) 10458
650 ## - SUBJECT ADDED ENTRY--TOPICAL TERM
Topical term or geographic name entry element AGRICULTURE
9 (RLIN) 10459
650 ## - SUBJECT ADDED ENTRY--TOPICAL TERM
Topical term or geographic name entry element NATURAL RESOURCES
9 (RLIN) 10460
650 ## - SUBJECT ADDED ENTRY--TOPICAL TERM
Topical term or geographic name entry element AQUATIC ECOSYSTEMS
9 (RLIN) 10461
942 ## - ADDED ENTRY ELEMENTS (KOHA)
Source of classification or shelving scheme Dewey Decimal Classification
Koha item type Books
Holdings
Withdrawn status Lost status Source of classification or shelving scheme Damaged status Not for loan Collection code Home library Current library Shelving location Date acquired Cost, normal purchase price Total Checkouts Full call number Barcode Date last seen Date last checked out Price effective from Koha item type
    Dewey Decimal Classification     Remote Sensing Kerala University of Digital Sciences, Innovation and Technology Knowledge Centre Kerala University of Digital Sciences, Innovation and Technology Knowledge Centre Applied Electronics 22/07/2016 14559.00 1 621.3678 UST/R 4639 29/06/2024 18/11/2022 22/07/2016 Books